000 01057nam a22002177a 4500
999 _c32805
_d32805
003 OSt
005 20211126112618.0
008 140214b2021 slv spa
040 _cBMC
082 _a362.173
100 1 _945845
_aValencia Sermeño, Wilber Ernesto
245 1 0 _aImportancia de la aplicación del proceso de atención de enfermería del adulto a nivel hospitalario
_b: Investigación, Informe final
_cWilber Ernesto Valencia Sermeño, Kathya María Vásquez Valencia
260 _aSanta Ana (El Salvador)
_bUniversidad Católica de El Salvador
_c2021
300 _a1 folleto [44] h.
_c28 cm
_e+ 1 disco compacto
500 _aPrecede al tít.: Universidad Católica de El Salvador, Facultad de Ciencias de la Salud. Escuela de enfermería
502 _aPara optar al grado académico de: Licenciatura en enfermería
650 2 0 _924102
_aEnfermería de atención primaria
700 1 _945844
_aVásquez Valencia, Kathya María
710 2 _919917
_aUniversidad Católica de El Salvador
_bEscuela de Ciencias de la Salud
942 _2ddc
_cTG